000 00401nam a2200145Ia 4500
008 140724s9999 xx 000 0 und d
050 _aG 155.A1
_b.P961 2014
100 _aPriyanka.
245 _aInsta-Souvenirs /
260 _aLas PiƱas, Philippines :
_bSouthville International School and Colleges,
_cc2014.
300 _a54 p. :
_c28 cm.
521 _aTourism
942 _cTH
999 _c229125
_d229125